000 00506nam a2200217Ia 4500
003 OSt
005 20221124150014.0
008 210210b2008 xxu||||| |||| 00| 0 eng d
020 _a8121920418
040 _cAL
041 _aeng
082 _a657.45 TANH
100 _aTANDON (B N)
_963649
245 _aHandbook of practical auditing
250 _a14 Rev
260 _aNew Delhi
_bS. Chand & Co. Ltd.
_c2008
300 _a653
690 _aAuditing
_963650
906 _a062570
942 _2ddc
_cBK
999 _c117671
_d117671